Normal view
MARC view
- Muhammad Awais Dildar
Entry Personal Name
001 - CONTROL NUMBER
- control field: 70329
003 - CONTROL NUMBER IDENTIFIER
- control field: NUST
005 - DATE AND TIME OF LATEST TRANSACTION
- control field: 20210628204431.0
008 - FIXED-LENGTH DATA ELEMENTS
- fixed length control field: 210628|| aca||aabn | a|a d
040 ## - CATALOGING SOURCE
- Original cataloging agency: NUST
- Transcribing agency: NUST
100 ## - HEADING--PERSONAL NAME
- Personal name: Muhammad Awais Dildar
670 ## - SOURCE DATA FOUND
- Source citation: Work cat.: (NUST): Muhammad Awais Dildar , TH-SOF-1455-Automatic Segmentation of Cervical Vertebrae in Video Fluoroscopy, 2017
